Современные технологии. Киберфизические системы: учебное пособие
| Autor corporatiu: | |
|---|---|
| Altres autors: | , |
| Sumari: | Заглавие с титульного экрана Электронная версия печатной публикации В пособии приведены материалы для изучения особенностей современной автоматизации технологических процессов и производств. Рассмотрены основные понятия киберфизических систем и цифровизации производств. Предназначено для студентов, обучающихся по направлению 15.03.04 «Автоматизация технологических процессов и производств» AM_TPU_network |
| Idioma: | rus |
| Publicat: |
Томск, Изд-во ТПУ, 2022
|
| Matèries: | |
| Accés en línia: | https://www.lib.tpu.ru/fulltext2/m/2022/m04.pdf |
| Format: | MixedMaterials Electrònic Llibre |
| KOHA link: | https://koha.lib.tpu.ru/cgi-bin/koha/opac-detail.pl?biblionumber=347137 |
MARC
| LEADER | 00000nam0a2200000 4500 | ||
|---|---|---|---|
| 001 | 347137 | ||
| 005 | 20260410095138.0 | ||
| 035 | |a (RuTPU)RU\TPU\book\379022 | ||
| 035 | |a RU\TPU\book\286803 | ||
| 090 | |a 347137 | ||
| 100 | |a 20220228d2022 m y0rusy50 ca | ||
| 101 | 0 | |a rus | |
| 102 | |a RU | ||
| 105 | |a a j 001zy | ||
| 135 | |a drcn ---uucaa | ||
| 181 | 0 | |a i |b e | |
| 182 | 0 | |a b | |
| 183 | 0 | |a cr |2 RDAcarrier | |
| 200 | 1 | |a Современные технологии. Киберфизические системы |e учебное пособие |f Национальный исследовательский Томский политехнический университет ; сост. Е. И. Громаков ; А. А. Сидорова | |
| 203 | |a Текст |c электронный |b визуальный | ||
| 210 | |a Томск |c Изд-во ТПУ |d 2022 | ||
| 283 | |a online_resource |2 RDAcarrier | ||
| 300 | |a Заглавие с титульного экрана | ||
| 300 | |a Электронная версия печатной публикации | ||
| 330 | |a В пособии приведены материалы для изучения особенностей современной автоматизации технологических процессов и производств. Рассмотрены основные понятия киберфизических систем и цифровизации производств. Предназначено для студентов, обучающихся по направлению 15.03.04 «Автоматизация технологических процессов и производств» | ||
| 371 | 0 | |a AM_TPU_network | |
| 452 | 1 | |0 (RuTPU)RU\TPU\book\379250 |t Современные технологии. Киберфизические системы |o учебное пособие |f Национальный исследовательский Томский политехнический университет ; сост. Е. И. Громаков, А. А. Сидорова |c Томск |n Изд-во ТПУ |d 2022 |p 193 с. | |
| 606 | 1 | |a Интеллектуальные САПР и АСУП |2 stltpush |3 (RuTPU)RU\TPU\subj\71271 |9 85240 | |
| 610 | 1 | |a электронный ресурс | |
| 610 | 1 | |a учебные пособия | |
| 610 | 1 | |a труды учёных ТПУ | |
| 610 | 1 | |a интероперабельность | |
| 610 | 1 | |a автоматизация | |
| 610 | 1 | |a информационные системы | |
| 610 | 1 | |a автоматизированные системы управления производством | |
| 610 | 1 | |a интегрированные системы | |
| 610 | 1 | |a киберфизические системы | |
| 610 | 1 | |a виртуальные агенты | |
| 610 | 1 | |a интеллектуальные агенты | |
| 610 | 1 | |a искусственный интеллект | |
| 610 | 1 | |a облачные технологии | |
| 610 | 1 | |a четвертая промышленная революция | |
| 610 | 1 | |a сенсорные сети | |
| 675 | |a 004.896(075.8) |v 4 | ||
| 702 | 1 | |a Громаков |b Е. И. |c специалист в области автоматизированных систем управления |c доцент Томского политехнического университета, кандидат технических наук |f 1943- |g Евгений Иванович |3 (RuTPU)RU\TPU\pers\25727 |4 220 |9 11629 | |
| 702 | 1 | |a Сидорова |b А. А. |c специалист в области информатики и вычислительной техники |c старший преподаватель Томского политехнического университета |f 1986- |g Анастасия Александровна |3 (RuTPU)RU\TPU\pers\28644 |4 220 |9 13460 | |
| 712 | 0 | 2 | |a Национальный исследовательский Томский политехнический университет |b Инженерная школа информационных технологий и робототехники |b Отделение автоматизации и робототехники |3 (RuTPU)RU\TPU\col\23553 |
| 801 | 2 | |a RU |b 63413507 |c 20220407 |g RCR | |
| 856 | 4 | 0 | |u https://www.lib.tpu.ru/fulltext2/m/2022/m04.pdf |z https://www.lib.tpu.ru/fulltext2/m/2022/m04.pdf |
| 942 | |c CF | ||